| 000 | 00439 a2200157 4500 | ||
|---|---|---|---|
| 005 | 20250616163217.0 | ||
| 020 | _a0-07-246750-9 | ||
| 082 | _a004 PAT | ||
| 100 | _aPATT, Y. N. | ||
| 245 | _aIntroduction to Computing Systems: From Bits and Gates to C and Beyond. | ||
| 250 | _a2nd Ed. | ||
| 260 |
_aBoston, _bMcGraw Hill, _c2004. |
||
| 300 |
_axxiv, 632p.: ill.; figure, table, _bIndex, _c24cm. |
||
| 700 | _aPATEL, S. J. | ||
| 942 |
_2ddc _cBKS |
||
| 999 |
_c131 _d131 |
||